000
00299nam a22001217a 4500
003
OSt
005
20230613085325.0
008
220803b xxu||||| |||| 00| 0 eng d
040
_c
IIMT UNIVERSITY
100
_a
PT. SHRI RAM SHARMA ACHARYA
245
_a
APRIMIT SAMBHAWNAOU KA AAGAR
942
_2
ddc
_c
09
999
_c
54685
_d
54685